<?xml version="1.0" encoding="UTF-8"?>
<collection xmlns="http://www.loc.gov/MARC21/slim">
 <record>
  <leader>01160nam a2200193Ia 4500</leader>
  <controlfield tag="001">CTU_28092</controlfield>
  <controlfield tag="008">210402s9999    xx            000 0 und d</controlfield>
  <datafield tag="082" ind1=" " ind2=" ">
   <subfield code="a">004.67803</subfield>
  </datafield>
  <datafield tag="082" ind1=" " ind2=" ">
   <subfield code="b">Ph561</subfield>
  </datafield>
  <datafield tag="100" ind1=" " ind2=" ">
   <subfield code="a">Châu Thiện Cường</subfield>
  </datafield>
  <datafield tag="245" ind1=" " ind2="0">
   <subfield code="a">Căn bản tiếng Anh cho người sử dụng Internet</subfield>
  </datafield>
  <datafield tag="245" ind1=" " ind2="0">
   <subfield code="b">= Basic English for Internet user</subfield>
  </datafield>
  <datafield tag="245" ind1=" " ind2="0">
   <subfield code="c">Châu Thiện Cường, Hoàng Phương, Nguyễn Đức Thành</subfield>
  </datafield>
  <datafield tag="260" ind1=" " ind2=" ">
   <subfield code="a">Hà Nội</subfield>
  </datafield>
  <datafield tag="260" ind1=" " ind2=" ">
   <subfield code="b">Thống Kê</subfield>
  </datafield>
  <datafield tag="260" ind1=" " ind2=" ">
   <subfield code="c">1998</subfield>
  </datafield>
  <datafield tag="520" ind1=" " ind2=" ">
   <subfield code="a">Sách trình bày các thuật ngữ tiếng Anh thường gặp khi sử dụng Internet, dịch và giải thích nghĩa các thuật ngữ đó; đồng thời cung cấp những kiến thức cơ bản về Internet như cách tìm nguồn tài nguyên và thông tin, giao tiếp trên mạng, cách tạo một trang Web căn bản, chỉ dẫn của Dave để truy tìm các thông tin ở các chuyên mục trên trang Web</subfield>
  </datafield>
  <datafield tag="650" ind1=" " ind2=" ">
   <subfield code="a">internet ( computer network ) - terminoloy</subfield>
  </datafield>
  <datafield tag="980" ind1=" " ind2=" ">
   <subfield code="a">Trung tâm Học liệu Trường Đại học Cần Thơ</subfield>
  </datafield>
 </record>
</collection>
